2 Letter ISO Country Codes - Name Europe Codes - Statistics

General Stats
  • This quiz has been taken 19 times
  • The average score is 34 of 45
Answer Stats
Countries Codes % Correct
Albania AL
89%
Austria AT
89%
Belgium BE
89%
Czech Republic CZ
89%
France FR
89%
Greece GR
89%
Hungary HU
89%
Italy IT
89%
Poland PL
89%
Romania RO
89%
Andorra AD
83%
Bulgaria BG
83%
Germany DE
83%
Denmark DK
83%
Spain ES
83%
Finland FI
83%
Ireland IE
83%
Lithuania LT
83%
Luxembourg LU
83%
Latvia LV
83%
Malta MT
83%
Portugal PT
83%
Sweden SE
83%
Monaco MC
78%
Netherlands NL
78%
Norway NO
78%
Russia RU
78%
Slovakia SK
78%
San Marino SM
78%
Croatia HR
72%
Liechtenstein LI
72%
Moldova MD
72%
Vatican City VA
72%
Estonia EE
67%
Slovenia SI
67%
Ukraine UA
67%
Switzerland CH
61%
United Kingdom GB
61%
Bosnia & Herzegovina BA
56%
Iceland IS
56%
Montenegro ME
56%
Belarus BY
50%
North Macedonia MK
50%
Serbia RS
50%
Kosovo XK
39%
No matching quizzes found
Score Distribution
Percent of People with Each Score
Percentile by Number Answered
Your Score History
You have not taken this quiz